| 000 | 00507nam a2200169 i 4500 | ||
|---|---|---|---|
| 001 | 100795 | ||
| 003 | ES-MaACL | ||
| 005 | 20230906182743.0 | ||
| 007 | t| | ||
| 008 | 051005s1960 sp ||||1| spa d | ||
| 100 | 1 |
_aMataix Plana, José Luis. _978911 |
|
| 245 | 1 | 0 |
_aMil problemas de cálculo infinitesimal / _cresueltos y explicados por José Luis Mataix Plana. |
| 250 | _a4ª ed. | ||
| 260 |
_aMadrid : _bDossat, _c1960. |
||
| 300 |
_a2 v. : _bil. ; _c22 cm. |
||
| 852 |
_aES-MaACL _jE-3583-4 _bR.47832 |
||
| 999 |
_c100795 _d100795 |
||